000 00873nam a22002777a 4500
001 641
005 20230627163250.0
008
020 _a075650435X (hardcover)
040 _aDLC
_cDLC
_dDLC
_beng
050 0 0 _aQL617.2
_b.H45 2003
082 0 0 _a597
_221
100 1 _aHeinrichs, Ann.
245 1 0 _aFish /
_cby Ann Heinrichs.
260 _aMinneapolis, Minn. :
_bCompass Point Books,
_c2003.
300 _a32 pages :
_bcolor illustrations ;
_c23 x 28 cm.
490 1 _aNature's friends
505 _aQ
520 _aIntroduces physical characteristics, methods of movement, habitats, feeding habits, life cycles, and different types of fish.
521 _a660
_bLexile estimate
521 _aQ
_bRaz-Plus
650 0 _aFishes
_vJuvenile literature.
650 1 _aFishes.
906 _a7
_bcbc
_corignew
_d1
_eecip
_f20
_gy-gencatlg
942 _2ddc
_cBK
_n0
999 _c641
_d641